书目信息 |
| 题名: |
阅读与欣赏
|
|
| 作者: | ;中央人民广播电台文艺部 , 北京出版社 编 | |
| 分册: | 五 古典文学部分 | |
| 出版信息: | 北京 北京出版社 1992 |
|
| 页数: | 156页 | |
| 开本: | 19cm | |
| 丛书名: | ||
| 单 册: | ||
| 中图分类: | I106.6 , I106.2 | |
| 科图分类: | ||
| 主题词: | 文学--作品--中国--现代 , 文学评论--中国--现代 , 文学--世界 | |
| 电子资源: | ||
| ISBN: | ||
| 000 | 01009nam0 2200313 45 | |
| 001 | 0189010146 | |
| 005 | 20060803172948.73 | |
| 010 | @dCNY0.37 | |
| 091 | @a10236.008 | |
| 100 | @a19910105d1992 m y0chiy0120 ea | |
| 101 | 0 | @achi |
| 102 | @aCN@b110000 | |
| 105 | @ay z 000gy | |
| 106 | @ar | |
| 200 | 10 | @a阅读与欣赏@Ayue du yu xin shang@i古典文学部分@Exian dai wen xue bu fen@h五@f中央人民广播电台文艺部,北京出版社编@FZhong Yang Ren Min Guang Bo Dian Tai Wen Yi Bu,Bei Jing Chu Ban She Bian |
| 210 | @a北京@c北京出版社@d1992 | |
| 215 | @a156页@d19cm | |
| 330 | @a本辑所赏析的作品包括诗歌、散文等多种形式。 | |
| 517 | @a古典文学部分@AGu Dian Wen Xue Bu Fen | |
| 540 | 1 | @a阅读 欣赏@Ayue du xin shang |
| 606 | @a文学@x作品@y中国@z现代 | |
| 606 | @a文学评论@y中国@z现代 | |
| 606 | 0 | @a文学@x世界 |
| 690 | @aI106.6@v1980 | |
| 690 | @aI106.2@v3 | |
| 711 | 02 | @a中央人民广播电台文艺部@4编 |
| 711 | 02 | @a北京出版社@4编 |
| 801 | 0 | @aCN@bNLC@c20060803 |
| 905 | @f1@b64489@dI106.2@e22:5 | |
| 阅读与欣赏.古典文学部分.五/中央人民广播电台文艺部,北京出版社编.-北京:北京出版社,1992 |
| 156页;19cm |
| ISBN :CNY0.37 |
| 本辑所赏析的作品包括诗歌、散文等多种形式。 |
| ● |
| 相关链接 |
|
|
|
|
正题名:阅读与欣赏
索取号:I106.2/22:5
 
预约/预借
| 序号 | 登录号 | 条形码 | 馆藏地/架位号 | 状态 | 备注 |
| 1 | 0064489 | 001925019 | 密集书库/ [索取号:I106.2/22:5] | 在馆 |